| 000 | 00688cam a2200217 i 4500 | ||
|---|---|---|---|
| 999 |
_c2764 _d2764 |
||
| 001 | 19046 | ||
| 003 | BD-DhUAP | ||
| 005 | 20200227123145.0 | ||
| 008 | 200227s2010 ii ab b 000 0 eng | ||
| 020 | _a9780143068785 | ||
| 040 |
_aDLC _beng _erda _cDLC _dBD-DhUAP |
||
| 082 |
_2 23 _a720.954 COR |
||
| 100 | 1 | _aCorrea, Charles. | |
| 245 | 1 | 2 |
_aA place in the shade : _bthe new landscape & other essays / _cCharles Correa. |
| 264 | 1 |
_aNew Delhi : _bPenguin Books India, _cc2010. |
|
| 300 |
_aix, 246 pages : _billustrations ; _c23 cm |
||
| 504 | _aIncludes bibliographical references (pages 243-244). | ||
| 650 | 0 |
_aUrbanization _zIndia. |
|
| 650 | 0 |
_aArchitecture _zIndia. |
|
| 942 |
_2ddc _cBK |
||